000 01275nam a2200337 a 4500
001 000113743
003 CHAP
005 20220329144410.0
008 170913s2017 mx sm |||||||spa d
010 _a110204
011 _a111176
040 _cCHAP
090 _aTesis
100 1 _aGarcía Sánchez, Edgar Iván
_9125344
245 1 0 _aRetos y oportunidades en el desarrollo de clústers de agricultura protegida en México
_h[En línea]
_EEdgar Iván García Sánchez
260 _aChapingo, Méx. :
_bEl autor,
_c2017.
500 _aPara ver el contenido del material haga clic en la liga
502 _aTesis (Ph. D. en Problemas Económico Agroindustriales)-UACH,CIESTAAM
590 _aBATCH-UPD
_b05
_c20170913
_lUCH01
_h1341
590 _aE6339RRR
_b05
_c20170913
_lUCH01
_h1341
590 _aE6339RRR
_b05
_c20170913
_lUCH01
_h1350
590 _aE6339RRR
_b05
_c20170913
_lUCH01
_h1354
650 1 4 _aCluster
_xAdministración.
_9133362
650 1 4 _aCultivos en invernadero
_xProgramas de apoyo.
_9132297
650 1 4 _aEmpresas agropecuarias
_xCompetencia económica.
_9133363
650 C u _aCultivos en invernadero
_xClusters
_9133361
856 _aFinding aid
_uhttp://10.13.5.2/tesis/sist113743pdf
_zTeclea aquí
901 _aBK
942 _cTESIS
942 _n0
999 _c110204
_d110204